| 000 | 00000nas 2200000za 4500 |
|---|---|
| 001 | 9.851537 |
| 003 | CaOODSP |
| 005 | 20221107154411 |
| 007 | cr ||||||||||| |
| 008 | 180209c20149999onc x m o||||f0 a0eng|d |
| 040 | |aCaOODSP|beng |
| 043 | |an-cn--- |
| 086 | 1 |aCS11-630E-PDF |
| 245 | 00|aCanadian megatrends |h[electronic resource]. |
| 260 | |aOttawa : |bStatistics Canada, |c2014- |
| 310 | |aIrregular |
| 500 | |aIssued also in French under title: Mégatendances canadiennes. |
| 710 | 2 |aStatistics Canada. |
| 775 | 08|tMégatendances canadiennes |w(CaOODSP)9.851539 |